Aleshen - ALESHEN - Statystyki

Ogólne statystyki
  • Ten quiz został rozwiązany 15 razy
  • Średni wynik to 7 z 15
Statystyki odpowiedzi
ALESHEN % Poprawnych
Atlanta
82%
ZAZA
73%
Dana
55%
Legendarne Duo
55%
Vanish 2
55%
Warszawa
55%
Biały Chłopak Z Bloków
45%
Kiedy Pada Deszcz
45%
Wizjoner
45%
FINI
36%
Termosfera
36%
Wavy
36%
A Miało Być Tak Pięknie
27%
Gratulację
27%
Temperatura
18%
Nie znaleziono quizów pasujących do podanych kryteriów
Rozkład punktacji
Procent ludzi z każdym wynikiem
Percentyl według liczby udzielonych odpowiedzi
Twoja historia wyników
Nie rozwiązałeś tego quizu